000 00616cab a2200241 4500
001 X1116
008 090401t1993 xxu||||| |||| 00| 0 eng d
035 _a(Sirsi) u14764
041 _aeng
245 _aResidential
260 _c1993
350 _a0
490 _aCS Monthly : Rural Practice
_v3(2) October 1993, 6(1)
520 _aNorth York Moors National Park Committee v Foulston
650 _aAGRICULTURAL USE
650 _aDILAPIDATED
650 _aEMPTY DWELLING
650 _aFENSTRATION
650 _aNATIONAL PARK
690 _aPLANNING LAW AND PRACTICE
942 _n0
948 _c04/03/1997
999 _c9636
_d9636